Southville International School and Colleges
Your cart is empty.
  • Cart
  • Lists
    Public lists Eva Luna New books Lux_list list_1
    Your lists Log in to create your own lists
  • Log in to your account
  • Your cookies
  • Search history
Southville International School and Colleges
  • Advanced search
  • Recent comments
  • Most popular
  • Libraries

Log in to your account

Log in with GOOGLE


If you do not have an external account, but do have a local account, you can still log in:

  1. Home
  2. MARC view: Dr Jekyll and Mr Hyde /
Normal view MARC view ISBD view

Dr Jekyll and Mr Hyde / (Record no. 7655)

[ view plain ]
MARC details
000 -LEADER
fixed length control field 00612nam a22002057a 4500
003 - CONTROL NUMBER IDENTIFIER
control field OSt
005 - DATE AND TIME OF LATEST TRANSACTION
control field 20140310181941.0
008 - FIXED-LENGTH DATA ELEMENTS--GENERAL INFORMATION
fixed length control field 130724t xxu||||| |||| 00| 0 eng d
050 ## - LIBRARY OF CONGRESS CALL NUMBER
Classification number PZ 3.S848
Item number .St847 1967
082 ## - DEWEY DECIMAL CLASSIFICATION NUMBER
Classification number CLA St4d
Item number 1967
100 ## - MAIN ENTRY--PERSONAL NAME
Personal name Stevenson, Robert Louis
9 (RLIN) 1663
245 ## - TITLE STATEMENT
Title Dr Jekyll and Mr Hyde /
Statement of responsibility, etc Robert Louis Stevenson ;
260 ## - PUBLICATION, DISTRIBUTION, ETC. (IMPRINT)
Place of publication, distribution, etc New York :
Name of publisher, distributor, etc Bantam Books,
Date of publication, distribution, etc c1967.
300 ## - PHYSICAL DESCRIPTION
Extent 106 p.
Other physical details ill
Dimensions 18 cm/
541 ## - IMMEDIATE SOURCE OF ACQUISITION NOTE
-- 1
562 ## - COPY AND VERSION IDENTIFICATION NOTE
Number of copies 1
650 ## - SUBJECT ADDED ENTRY--TOPICAL TERM
Topical term or geographic name as entry element Dr Jekyll (Fictitious character)
9 (RLIN) 3618
650 ## - SUBJECT ADDED ENTRY--TOPICAL TERM
Topical term or geographic name as entry element Mr Hyde (Fictitious character).
9 (RLIN) 3619
942 ## - ADDED ENTRY ELEMENTS (KOHA)
Source of classification or shelving scheme Library of Congress Classification
Koha item type
Call number prefix
Holdings
Withdrawn status Lost status Source of classification or shelving scheme Damaged status Home library Current library Shelving location Date acquired Total Checkouts Total Renewals Full call number Barcode Date last seen Date checked out Copy number Price effective from Koha item type
    Library of Congress Classification   Luxembourg Library Luxembourg Library Classic Section 07/24/2013 2 2 PZ 3.S848 .St847 1967 10922 09/04/2015 08/14/2015 1 10/03/2013 Books

Dr Jekyll and Mr Hyde /

APA

Stevenson R. L., . (1967). Dr Jekyll and Mr Hyde. New York: Bantam Books.

Chicago

Stevenson Robert Louis, . 1967. Dr Jekyll and Mr Hyde. New York: Bantam Books.

Harvard

Stevenson R. L., . (1967). Dr Jekyll and Mr Hyde. New York: Bantam Books.

MLA

Stevenson Robert Louis, . Dr Jekyll and Mr Hyde. New York: Bantam Books. 1967.

  • Place hold
  • Print
  • Cite
  • Add to your cart (remove)
  • Save record
    BIBTEX Dublin Core MARCXML MARC (non-Unicode/MARC-8) MARC (Unicode/UTF-8) MARC (Unicode/UTF-8, Standard) MODS (XML) RIS
  • More searches
    Search for this title in:
    Other Libraries (WorldCat) Other Databases (Google Scholar) Online Stores (Bookfinder.com) Open Library (openlibrary.org)

Exporting to Dublin Core...

SOUTHVILLE LIBRARY

Southville International School and Colleges Library

1281 Tropical Ave. Cor. Luxembourg St., BF Homes International, Las Pinas City

Tel. No. 8256374 / 252358 Loc. 117/146

Powered by Koha